Принципы виновности и опасного состояния личности в уголовном праве и их отражение в уголовном процессе: вып. 2; Труды Среднеазиатского Государственного Университета им. В. Л. Ленина

Bibliografiset tiedot
Parent link:Труды Среднеазиатского Государственного Университета им. В. Л. Ленина/ Министерство высшего образования СССР, Среднеазиатский Госуниверситет. Принципы виновности и опасного состояния личности в уголовном праве и их отражение в уголовном процессе.— , 1950-1967
Päätekijä: Осипов В. А. Владимир Александрович
Kieli:venäjä
Julkaistu: Ташкент, Изд-во САГУ, 1930
Sarja:Серия IV. Право
Aiheet:
Aineistotyyppi: MixedMaterials Kirja
KOHA link:https://koha.lib.tpu.ru/cgi-bin/koha/opac-detail.pl?biblionumber=175743

MARC

LEADER 00000nam2a2200000 4500
001 175743
005 20241205141835.0
035 |a (RuTPU)RU\TPU\book\190537 
035 |a RU\TPU\book\190457 
090 |a 175743 
100 |a 20100217d1930 k y0rusy50 ca 
101 0 |a rus 
102 |a RU 
105 |a y z 001yy 
200 0 |a Принципы виновности и опасного состояния личности в уголовном праве и их отражение в уголовном процессе  |e вып. 2  |f В. А. Осипов 
210 |a Ташкент  |c Изд-во САГУ  |d 1930 
215 |a 132 с. 
225 1 |a Серия IV. Право 
320 |a Библиогр. в тексте 
320 |a Библиогр. в конце ст. 
461 0 |0 (RuTPU)RU\TPU\book\22548  |t Труды Среднеазиатского Государственного Университета им. В. Л. Ленина  |f Министерство высшего образования СССР, Среднеазиатский Госуниверситет  |v Принципы виновности и опасного состояния личности в уголовном праве и их отражение в уголовном процессе  |d 1950-1967 
610 1 |a право 
610 1 |a уголовное право 
610 1 |a уголовный процесс 
610 1 |a принцип виновности 
610 1 |a личность 
610 1 |a опасность 
686 |a Х 623  |2 rubbk 
700 1 |a Осипов  |b В. А.  |g Владимир Александрович 
801 1 |a RU  |b 63413507  |c 20100210 
801 2 |a RU  |b 63413507  |c 20100217  |g RCR 
942 |c BK